Expanding tactics for listening

Αποθηκεύτηκε σε:
Λεπτομέρειες βιβλιογραφικής εγγραφής
Κύριος συγγραφέας: Richard, Jack C.
Μορφή: Βιβλίο
Γλώσσα:Undetermined
Έκδοση: Oxford Oxford University Press 1997
Θέματα:
Ετικέτες: Προσθήκη ετικέτας
Δεν υπάρχουν, Καταχωρήστε ετικέτα πρώτοι!
Thư viện lưu trữ: Trung tâm Học liệu Trường Đại học Cần Thơ
LEADER 00546nam a2200193Ia 4500
001 CTU_118724
008 210402s9999 xx 000 0 und d
082 |a 428.34 
082 |b R516/Cas.2 
100 |a Richard, Jack C. 
245 0 |a Expanding tactics for listening 
245 0 |c Jack C. Richard 
260 |a Oxford 
260 |b Oxford University Press 
260 |c 1997 
650 |a English language,English language 
650 |x Spoken english,Listening 
904 |i M.Loan 
980 |a Trung tâm Học liệu Trường Đại học Cần Thơ